Recopilación de datos climáticos de Chile y mapas sinópticos respectivos

Uloženo v:
Podrobná bibliografie
Hlavní autoři: Almeyda Arroyo, Elías (Autor), Sáez Solar, Fernando (Autor)
Médium: Kniha
Jazyk:španělština
Vydáno: Santiago Ministerio de Agricultura. Departamento Técnico Interamericano de Cooperación Agrícola 1958
Edice:Investigaciones Económicas Agrícolas, 14
Témata:
Tagy: Přidat tag
Žádné tagy, Buďte první, kdo vytvoří štítek k tomuto záznamu!

MARC

LEADER 00000nam a2200000 a 4500
001 UCU7540
003 CL-VaPUC
008 960705e19580000CL |||||||||||||||||spa|d
082 0 4 |a 551.69  |b ALM  |2 21 
100 0 |a Almeyda Arroyo, Elías  |e author  |9 366431 
700 0 |a Sáez Solar, Fernando  |e author  |9 366432 
245 1 0 |a Recopilación de datos climáticos de Chile y mapas sinópticos respectivos 
300 |a 195 p 
942 |c BK 
945 |d 19960705 00:00:00  |a cmena 
260 |a Santiago  |b Ministerio de Agricultura. Departamento Técnico Interamericano de Cooperación Agrícola  |c 1958 
650 0 |a Climatología   |9 262302 
650 7 |a REGIONES CLIMATICAS  |2 CL-VaPUC  |9 267906 
650 0 |a Geografía física   |9 259347 
650 7 |a TIEMPO ATMOSFERICO  |2 CL-VaPUC  |9 360604 
650 0 |a Mapas  |9 260844 
651 7 |a CHILE  |2 CL-VaPUC  |9 366433 
583 |a last modification  |c 19960705 00:00:00  |k Rodrigo Vera 
490 0 |a Investigaciones Económicas Agrícolas, 14 
999 |c 250151  |d 250149 
952 |0 0  |1 0  |4 0  |6 551_690000000000000_ALM_1958  |7 0  |8 X  |9 267977  |a BIBING  |b BIBING  |d 2019-11-19  |i 1704494  |o 551.69 ALM 1958  |p 1704494  |r 2025-01-20  |w 2019-11-19  |y BK_X  |k ING